000 00556nam a2200217Ia 4500
003 OSt
005 20220926045848.0
006 a|||||r|||| 00| 0
007 ta
008 220923b |||||||| |||| 00| 0 eng d
037 _cGeneral Book
040 _aRTL
_cRTL
_beng
041 _2eng
_aeng
082 _aY9(4):(P152).2, P7/TD
100 _aNinan S
_9350733
245 0 _aHeadlines from the heartland
260 _c2007
300 _a308p
_ccm.
942 _hY9(4):(P152).2, P7/TD
_cGB
_2CC
999 _c678864
_d678864